00576 2200193 4500001002100000005001500021035002000036007000300056008004100059020002200100082001000122084001600132100002100148245010600169250001700275260004100292300003300333650001600366INLIS00000000000098520250307022442 a0010-0325000047ta250307 g 0 ind  a978-623-7495-63-5 a540.3 a540.3 EDY k0 aEdyar Kristyanto1 aKamus Populer Istilah Kimia :bSeri Referensi Unggulan /cEdyar Kristyanto (Penulis); Nomnom (Editor) aCetakan 2023 aJakarta :bRiugha Edu Pustaka,c2023 a132 Halaman :bteks ;c21 cm 4aKamus Kimia